000 00302nam a2200121Ia 4500
008 190216s9999||||xx |||||||||||||| ||und||
100 _aAjaykumar Shaji
245 0 _aBio Inorganic And Sapramatical Chemistry
260 _bHimalaya Publishing House
300 _a374
650 _aChemistry
942 _cBK
999 _c3235
_d3235